Former Countries - Statistics

General Stats
  • This quiz has been taken 21 times
  • The average score is 26 of 65
Answer Stats
Hint Answer % Correct
Large Mediterranean empire whose capital is Rome Roman Empire
94%
This empire was the biggest empire in all of history British Empire
89%
This is the Empire of Genghis Khan that conquered most of Asia and almost lasted till WW1 Mongol Empire
83%
Collapsed during WW2 after losing the Sudetenland Czechoslovakia
78%
The strongest and largest native american empire in South America who worshiped the sun Inca Empire
78%
This superpower rivaled the US after WW2 in an era known as the Cold War Soviet Union
78%
Napoleon's great empire French Empire
72%
This empire was part of the Axis Powers and conquered Manchuria at the beginning of WW2 Japanese Empire
72%
Kingdom in northern Spain that wants independece. Kingdom of Catalonia
72%
The 3rd largest Empire in the world and the colonizer of Alaska. Russian Empire
72%
The colonial empire that conquered most of the Americas Spanish Empire
72%
This country declared independence from Mexico and remained a country for 10 years before joining the US Texas
72%
The Germanic union that was disbanded after Napoleon invaded it. Holy Roman Empire
67%
Medieval kingdom in modern day Czechia Kingdom of Bohemia
67%
This country was conquered by England in 1707 Kingdom of Scotland
67%
This countries religious leader was a llama. Tibet
67%
Alexander the great's empire stretched all the way to Afghanistan from modern-day Macedonia. Macedonian Empire
61%
These Native Americans had a large and vast empire with many advancements and resided in Mexico and more. Maya Empire
61%
Mary time republic in north italy Republic of Venice
61%
An African island nation that united to form modern day Tanzania Zanzibar
61%
Empire made by Cyrus the Great that reached all the way from central Asia to the Balkans Achaemenid Persian Empire
56%
A kingdom in northern Spain that conquered southern Italy Crown of Aragon
56%
This Viking Country in Northern France performed the last successful conquest of England Normandy
56%
The largest Chinese dynasty that fell right before WW1 Qing Dynasty
50%
This country in northwest France had a large British population and almost made it to WW1 Brittany
44%
Lost the Punic Wars Carthage
44%
This state while short lived had control over most of northern South America Gran Colombia
44%
This nation declared independence from the Republic of China before being conquered by the Soviet Union and given back to Republic of China. Manchuria
44%
This empire almost brought the entire Indian sub-continent together before being colonized by the British east India company. Mughal Empire
44%
This country almost joined the American Revolution but didn't in fear of the British. It was independent until the British took it and Incorporated it into Canada. Newfoundland
44%
This federation became a thing after its independence from Mexico and split into 7 states after internal conflict. Republic of Central America
44%
This empire fell in the great northern war in Scandanavia. Swedish Empire
44%
This Caliphate spread the Arab religion to the Iberian Peninsula Umayyad Caliphate
44%
This is the US's 14th state Vermont
44%
Central-Eastern European multinational great power from 1804 to 1867, created by proclamation out of the realms of the Habsburgs. Austrian Empire
39%
This was the empire of the franks and conquered all the way to Austria. Frankish Empire
39%
This is a North West Iberian Peninsula Kingdom that later became the Kingdom of Castile Kingdom of Leon
33%
The ancient Akkadian-State in Mesopotamia that controlled almost all of the Middle East Babylonian Empire
28%
This is a union of the Iberian Peninsula that lasted half a century Iberian Union
28%
This Democratic China fell to communism in a civil war and retreated to Taiwan Republic of China
28%
One of the largest African states at is peak it controlled much of Western Sudan Sahel Songhai Empire
28%
Correlates with the border area of France, Italy and Switzerland and includes the major modern cities of Geneva and Lyon. Kindom of Burgundy
22%
This is a native Empire in the northern Indian Sub-Continent Maurya Empire
22%
This was the first Caliphate and controlled much of the middle east and north africa Rashidun Caliphate
22%
This country merged with Germany after breaking apart in WW2 West Germany
22%
This Balkan Empire stemmed in Albania and was later invaded by the Ottoman Empire Albanian Empire
17%
The south Asian dynasty that had south India to the southern part of South East Asia. Chola Dynasty
17%
Iraqi state between 1921 and 1958 that was a constitutional monarchy Heshemite Iraq
17%
This Scottish Kingdom battled the Romans and survived until falling to a civil war. Kingdom of Alba
17%
This kingdom was focused around the city of Jerusalem and was conquered and destroyed by the Islams. Kingdom of Jerusalem
17%
This Caliphate later established a Sultinate in Egypt and was responsible for Egypt's power of the levant and hejaz regions. Ayyubid Dynasty
11%
This dictatorship in Central Africa lasted for 3 years before being usurped by the French Central African Empire
11%
The political and religious dynasty that dominated an empire in North Africa and subsequently in the Middle East from 909 to 1171 ce Fatimid Caliphate
11%
A short lived kingdom following the collapse of the Ottoman Empire Kingdom of Kurdistan
11%
This Sultanate ruled by the Arabs controlled Egypt up to modern-day Turkey until the Ottomans beat them all the way down to Southern Egypt Mamluk Sultanate
11%
This empire led by Cnut the Great controlled the Artic Sea. North Sea Empire
11%
A serious of islands under the rule of one kingdom until annexed by Japan Ryukyu Kingdom
11%
A caliphate in Iberia that survived for long due to religious tolerance. Caliphate of Corboda
6%
A empire that declared independence from the Roman Empire but was later reconquered. Gallic Empire
6%
A Twelver Shia Arab dynasty of Northern Mesopotamia and Syria (890–1004). Hamdani Dynasty
6%
An Oromo kingdom in the Gibe region of Ethiopia that emerged in the 18th century. Kingdom of Jimma
6%
The largest kingdom in South East Asia for 3 centuries. Lan Xang
6%
A West African Empire that became a part of northern Nigeria and conquered the Hausa people. Sokoto Caliphate
6%
This Khanate lasted for a short period of time but ruled over most of modern-day Uzbekistan, much of Kazakhstan and Turkmenistan, and parts of southern Russia. Uzbek Khanate
6%
Took the west part of the Roman Empire after it collapsed. West Roman Empire
6%
No matching quizzes found
Score Distribution
Percent of People with Each Score
Percentile by Number Answered
Your Score History
You have not taken this quiz